Movies Quiz

Random Movies or Biography Quiz

Biography Movie Sorting Gallery Quiz Stats

 Plays Quiz Updated Sep 6, 2019

Score 0/55 Timer 07:00
9 Plays Today
% Correct
Bohemian Rhapsody
97.9%
Rocketman
90.6%
Walk the Line
90.3%
Lincoln
88.4%
La Bamba
87.9%
Ali
87.4%
Henry: Portrait of a Serial Killer
85.5%
A Beautiful Mind
85.4%
Ray
85.2%
Raging Bull
84.2%
The Iron Lady
83.8%
The Theory of Everything
83.2%
Borg vs McEnroe
82.2%
Chariots of Fire
82%
Tolkien
80.8%
I, Tonya
80.6%
The Boston Strangler
80%
LBJ
79.7%
Pollock
77.6%
Frida
76.5%
Eddie the Eagle
75.9%
W.
74.7%
Vice
74.4%
The Babe
73.8%
Cinderella Man
73.4%
The Imitation Game
72.8%
My Friend Dahmer
72.1%
Monster
72.1%
% Correct
Extremely Wicked, Shockingly Evil and Vile
72%
Wilde
71.8%
Capote
71.7%
Loving Vincent
70.4%
The Man Who Knew Infinity
70.4%
Milk
70.1%
First Man
68.9%
Stan & Ollie
68.8%
Coal Miner's Daughter
68.5%
La Vie en Rose
68.5%
Rudy
66.4%
Man on the Moon
64%
Ed Wood
62.5%
Darkest Hour
61.6%
Big Eyes
58.3%
Lenny
57.8%
Becoming Jane
51.6%
Beyond the Sea
51.5%
The Right Stuff
51.3%
I Saw the Light
50.8%
The Front Runner
49.2%
Mr. Turner
44.5%
Nightwatching
30.8%
The Dirt
27.7%
Agora
25.3%
At Eternity's Gate
25.2%
The Current War
22.9%

You're not logged in!

Compare scores with friends on all Sporcle quizzes.
OR
Log In

Sporcle TV

Today on Sporcle TV


Watch our educational content, quiz creation guides, and fun videos on Sporcle TV.

Show Comments

Extras

Top Quizzes Today


Score Distribution

Your Account Isn't Verified!

In order to create a playlist on Sporcle, you need to verify the email address you used during registration. Go to your Sporcle Settings to finish the process.

Report this User

Report this user for behavior that violates our Community Guidelines.

Details: